000 00298nam a2200133 i 4500
001 bg
100 1 _aHANKISS, Elemer
245 0 _aPułapki społeczne /
_cE. Hankiss.
260 _aWarszawa,
_c1986.
040 _cBPK
041 _apol
942 _cKS
008 s pl f |000 0 pol
999 _c23022
_d23022
856 _uhttp://koha.tu.koszalin.pl/cgi-bin/koha/opac-detail.pl?biblionumber=23022
_yKatalog online BPK